Can you name every Avatar the Last Airbender character? Quiz Stats

 Plays Quiz not verified by Sporcle

Challenge
Share
Tweet
Embed
Score 0/34 Timer 10:00
0 Plays Today
Bio. Character % Correct
is the hero of this series, the last airbender, and a recent incarnation of the AvatarAang
99.6%
a 14-year-old (and last) waterbender of the Southern Water TribeKatara
98.1%
He is the primary antagonist of Book One, an anti-hero of Book Two, and a protagonist in Book Three.Zuko
97.6%
a 15-year-old warrior from the Southern Water TribeSokka
97.2%
a blind Earthbending grandmaster of the prestigious Bei Fong family in the Earth Kingdom.[14]Toph
96.5%
the main character's flying bisonAppa
95.4%
the princess of the Fire NationAzula
94.9%
the only known Winged LemurMomo
93.5%
'Commonly known as the 'Dragon of the West''Iroh
91.9%
an impassive, bored, stoic young noble-woman Mai
81.8%
cheerful, energetic, and somewhat of a valley girlTy Lee
77.2%
the avatar before the main characterAvatar Roku
74.4%
a charismatic teen-aged rebel who holds a deep grudge against the Fire Nation. He is the leader of the Freedom Fighters.Jet
72.8%
gave up her mortal existence to become the new Moon SpiritPrincess Yue
69.7%
ruler of the Fire NationFire Lord ozai
68.9%
Katara's and Sokka's father and the leader of the Southern Water TribeHakoda
67.1%
the eccentric, elderly King of OmashuKing Bumi
65.2%
Bio. Character % Correct
a gigantic woman, possessing the largest feet of any AvatarAvatar Kyoshi
58.2%
a hot-tempered Fire Nation admiral Admiral Zhao
57.4%
friend of HakodaBato
54.7%
the Fire Lord who started the war with the other nationsFire Lord Sozin
54%
appeared in Book Three as an assassin hired by Prince Zuko to kill AangCombustion Man
53.7%
a Waterbending master and instructor of the North Pole's Northern Water Tribe Waterbending classesMaster Pakku
53.5%
an Earthbender that Sokka, Aang, and Katara meet in Book OneHaru
52%
the mother of Zuko and Azula Ursa
50.9%
a character (who was never directly given a name) that appears occasionally throughout Book One and Book Two. His character is used mainly for comic relief.Cabbage Merchant
48.1%
he is depicted as Aang's guardian and surrogate father, and is noted for his kindness and sense of humor.Monk Gyatso
47.1%
a bounty hunter who travels around the Earth KingdomJune
45.4%
the intelligent Grand Secretariat of Ba Sing Se, head of the Dai Li, and advisor and chancellor to the Earth King.Long Feng
45.4%
one of Aang's firebending teachers; a former admiral of the Fire Nation's navyJeong Jeong
44.4%
a swordsmith and master of swordsmanship, based in the Fire Nation, who teaches a foundation of his skills to Sokka.Master Piandao
33.9%
father of Princess YueChief Arnook
30.4%
a promoter and host of an earthbending prizefighting ring Xin Fu
28%
the King of the Earth Kingdom.Earth King Kuei
24.6%

You're not logged in!

Compare scores with friends on all Sporcle quizzes.
Join for Free
OR
Log In

You Might Also Like...

Show Comments

Extras

Top Quizzes Today


Score Distribution

Your Account Isn't Verified!

In order to create a playlist on Sporcle, you need to verify the email address you used during registration. Go to your Sporcle Settings to finish the process.

Report this User

Report this user for behavior that violates our Community Guidelines.

Details: